000 02672cam a2200409 i 4500
999 _c9830
_d9830
001 1298712687
003 OCoLC
005 20241126110719.0
008 220212s2022 enk b 001 0 eng
010 _a2021060055
020 _a9781108493710
_q(hardback)
020 _a1108493718
_q(hardback)
020 _a9781108725446
_q(paperback)
020 _a1108725449
_q(paperback)
020 _z9781108643054
_q(epub)
035 _a(OCoLC)1298712687
_z(OCoLC)1296949352
040 _aLBSOR/DLC
_beng
_erda
_cDLC
_dOCLCO
_dOCLCF
_dIBP
_dTNK
_dOSZ
_dYDX
_dIHT
_dJES
_dODC
042 _apcc
050 0 0 _aBS2695.53
_b.D47 2022
082 0 0 _a220.77
_a227.507
_223/eng/20220215
_bNCB
100 1 _adeSilva, David A.,
_d1967-
_eauthor.
_917103
245 1 0 _aEphesians /
_cDavid A. deSilva.
264 1 _aCambridge ;
_aNew York , NY :
_bCambridge University Press,
_c2022.
300 _axiv, 376 pages ;
_c24 cm.
336 _atext
_btxt
_2rdacontent
337 _aunmediated
_bn
_2rdamedia
338 _avolume
_bnc
_2rdacarrier
490 1 _aNew Cambridge Bible commentary
504 _aIncludes bibliographical references (pages 340-349) and indexes.
505 0 _aI. Introduction to Ephesians -- II. Recommended Resources -- III. Commentary on Ephesians -- Bibliography -- Indexes.
520 _a"In this commentary, David deSilva approaches Ephesians as Paul's contribution to the ongoing work of forming his converts' individual and collective identity in Christ through the celebration of God's activity (past, ongoing, and future) on behalf of all who had responded in trust and faithfulness toward Jesus throughout the eastern Roman empire. He explores how Paul's first-century audiences in Roman Asia would have understood and responded to his message, particularly his promotion of the attitudes, pursuits, and practices that would constitute an appropriate response of gratitude for so costly a deliverance and so magnificent a destiny. deSilva's discussion is richly grounded in the Jewish and Greco-Roman contexts that both informed Paul as he composed and his audiences as they engaged his message. He is also attentive to points of relevance to the modern contexts of today's readers who continue to wrestle with Paul's vision for Christian discipleship and human community"--
_cProvided by publisher.
630 0 0 _aBible.
_pEphesians
_vCommentaries.
_93075
655 7 _aCommentaries.
_2fast
_0(OCoLC)fst01423723
_9875
776 0 8 _iOnline version:
_aDeSilva, David Arthur.
_tEphesians
_dCambridge, United Kingdom ; New York, NY : Cambridge University Press, 2022
_z9781108643054
_w(DLC) 2021060056
830 0 _aNew Cambridge Bible commentary.
_917096
942 _2ddc
_cREF